| Поле | Инд. | ПП | Название | Значение |
|---|---|---|---|---|
| Тип записи | a | |||
| Библиографический уровень | m | |||
| 001 | Контрольный номер | 003347925 | ||
| 005 | Дата корректировки | 20141114155504.5 | ||
| 020 | a | ISBN | 978-5-9718-0240-2 | |
| 040 | a | Служба первич. каталог. | RuMoRKP | |
| d | Организация, изменившая запись | НБ ТвГУ | ||
| 041 | a | Код языка текста | rus | |
| 080 | a | Индекс УДК | 159.9:796(075.8) | |
| 084 | a | Индекс другой классификации/Индекс ББК | Ю943я73-1 | |
| 090 | a | Полочн. индекс | Ю943 | |
| x | Авторский знак | С 32 | ||
| 100 | 1_ | a | Автор | Серова Лидия Константиновна |
| q | Полное имя | Серова Л. К. | ||
| 245 | a | Заглавие | Психология личности спортсмена | |
| b | Продолж. заглавия | учебное пособие для студентов высших учебных заведений, обучающихся по специальности 032101 - Физическая культура и спорт | ||
| 260 | a | Место издания | Москва | |
| b | Издательство | Советский спорт | ||
| c | Дата издания | 2007 | ||
| 300 | a | Объем | 114, [1] с. | |
| b | Иллюстрации/ тип воспроизводства | табл. | ||
| c | Размеры | 21 см | ||
| 504 | a | Библиография | Библиогр.: с. 109-113 | |
| 520 | a | Аннотация | В учебном пособии рассмотрены психологические особенности спортивной деятельности, раскрыта специфика психологии различных видов спорта. Введено понятие психологических профессиональных качеств, на его основе дана психологическая модель личности спортсмена, каждый компонент которой представлен в отдельной главе. Изучаемые темы составляют самостоятельный раздел курса психологии спорта. Учебный материал сопровождается контрольными вопросами и заданиями для самостоятельной работы, таблицами, рисунками. Учебное пособие предназначено для студентов институтов и факультетов физической культуры. Книга также может быть полезна преподавателям высших и средних педагогических учебных заведений, тренерам, спортсменам. | |
| 653 | a | Ключевые слова | Гендерная психология спорта | |
| a | Ключевые слова | Психология спорта | ||
| a | Ключевые слова | Психология спортсмена | ||
| a | Ключевые слова | Спортивная психология | ||
| a | Ключевые слова | Спортсмены | ||
| a | Ключевые слова | Учебники для вузов | ||
| 910 | a | гриф есть** | ||
| 920 | a | Оператор | Стру | |
| 930 | a | Новая/Ретро | учебники | |
| 940 | a | физической культуры | ||
| d | психология физической культуры | |||
| 952 | c | Вид литературы | К ру | |
| 954 | a | Дата поступления на обработку | 20100426 | |
| 990 | a | Автор заказа (DOS) | каф. теор. основ физвоспитания | |
| b | Заказано (DOS) | 5 |